000 00281nam a22001337a 4500
008 170130b xxu||||| |||| 00| 0 eng d
020 _a0471588253
041 _aeng
080 _a61
100 _a3
101 _aSHMI
245 _aHEMODYNAMIC ROUNDS
_cKERN, M.J
942 _2udc
_cBK
999 _c4033
_d4033